Sports Quiz

Random Sports or WWE Quiz
Score 0/14 Timer 03:00
0 Plays Today
WWF/E Champion at the start of event Superstar % Correct
Bray WyattThe Undertaker
93.1%
BatistaThe Undertaker
92.4%
CM PunkJohn Cena
89.7%
CM PunkThe Rock
87%
BatistaShawn Michaels
86.9%
Bray WyattRoman Reigns
84.5%
Hulk HoganHulk Hogan
78.2%
WWF/E Champion at the start of event Superstar % Correct
Ric FlairHulk Hogan
78.2%
Hulk HoganRoddy Piper
77.7%
Hulk HoganMr. T
75.4%
Hulk HoganPaul Orndorff
71.9%
Ric FlairSid Justice
70%
DieselBam Bam Bigelow
66.9%
DieselLawrence Taylor
65.4%

You're not logged in!

Compare scores with friends on all Sporcle quizzes.
OR
Log In

Sporcle TV

Today on Sporcle TV


Watch our educational content, quiz creation guides, and fun videos on Sporcle TV.

Show Comments

Extras

Top Quizzes Today


Score Distribution

Paid Content

Your Account Isn't Verified!

In order to create a playlist on Sporcle, you need to verify the email address you used during registration. Go to your Sporcle Settings to finish the process.

Report this User

Report this user for behavior that violates our Community Guidelines.

Details: